<?xml version="1.0" encoding="UTF-8"?>
<record
    xmlns:xsi="http://www.w3.org/2001/XMLSchema-instance"
    xsi:schemaLocation="http://www.loc.gov/MARC21/slim http://www.loc.gov/standards/marcxml/schema/MARC21slim.xsd"
    xmlns="http://www.loc.gov/MARC21/slim">

  <leader>05435nam a22005535i 4500</leader>
  <controlfield tag="001">978-3-319-18075-5</controlfield>
  <controlfield tag="003">DE-He213</controlfield>
  <controlfield tag="005">20200904110655.0</controlfield>
  <controlfield tag="007">cr nn 008mamaa</controlfield>
  <controlfield tag="008">150713s2015    gw |    s    |||| 0|eng d</controlfield>
  <datafield tag="020" ind1=" " ind2=" ">
    <subfield code="a">9783319180755</subfield>
    <subfield code="9">978-3-319-18075-5</subfield>
  </datafield>
  <datafield tag="024" ind1="7" ind2=" ">
    <subfield code="a">10.1007/978-3-319-18075-5</subfield>
    <subfield code="2">doi</subfield>
  </datafield>
  <datafield tag="050" ind1=" " ind2="4">
    <subfield code="a">B108-5802</subfield>
  </datafield>
  <datafield tag="072" ind1=" " ind2="7">
    <subfield code="a">HPC</subfield>
    <subfield code="2">bicssc</subfield>
  </datafield>
  <datafield tag="072" ind1=" " ind2="7">
    <subfield code="a">PHI009000</subfield>
    <subfield code="2">bisacsh</subfield>
  </datafield>
  <datafield tag="072" ind1=" " ind2="7">
    <subfield code="a">QDH</subfield>
    <subfield code="2">thema</subfield>
  </datafield>
  <datafield tag="082" ind1="0" ind2="4">
    <subfield code="a">180-190</subfield>
    <subfield code="2">23</subfield>
  </datafield>
  <datafield tag="100" ind1="1" ind2=" ">
    <subfield code="a">Jacquette, Dale.</subfield>
    <subfield code="e">author.</subfield>
    <subfield code="4">aut</subfield>
    <subfield code="4">http://id.loc.gov/vocabulary/relators/aut</subfield>
  </datafield>
  <datafield tag="245" ind1="1" ind2="0">
    <subfield code="a">Alexius Meinong, The Shepherd of Non-Being</subfield>
    <subfield code="h">[electronic resource] /</subfield>
    <subfield code="c">by Dale Jacquette.</subfield>
  </datafield>
  <datafield tag="250" ind1=" " ind2=" ">
    <subfield code="a">1st ed. 2015.</subfield>
  </datafield>
  <datafield tag="264" ind1=" " ind2="1">
    <subfield code="a">Cham :</subfield>
    <subfield code="b">Springer International Publishing :</subfield>
    <subfield code="b">Imprint: Springer,</subfield>
    <subfield code="c">2015.</subfield>
  </datafield>
  <datafield tag="300" ind1=" " ind2=" ">
    <subfield code="a">XXXII, 434 p. 24 illus.</subfield>
    <subfield code="b">online resource.</subfield>
  </datafield>
  <datafield tag="336" ind1=" " ind2=" ">
    <subfield code="a">text</subfield>
    <subfield code="b">txt</subfield>
    <subfield code="2">rdacontent</subfield>
  </datafield>
  <datafield tag="337" ind1=" " ind2=" ">
    <subfield code="a">computer</subfield>
    <subfield code="b">c</subfield>
    <subfield code="2">rdamedia</subfield>
  </datafield>
  <datafield tag="338" ind1=" " ind2=" ">
    <subfield code="a">online resource</subfield>
    <subfield code="b">cr</subfield>
    <subfield code="2">rdacarrier</subfield>
  </datafield>
  <datafield tag="347" ind1=" " ind2=" ">
    <subfield code="a">text file</subfield>
    <subfield code="b">PDF</subfield>
    <subfield code="2">rda</subfield>
  </datafield>
  <datafield tag="490" ind1="1" ind2=" ">
    <subfield code="a">Synthese Library, Studies in Epistemology, Logic, Methodology, and Philosophy of Science,</subfield>
    <subfield code="x">0166-6991 ;</subfield>
    <subfield code="v">360</subfield>
  </datafield>
  <datafield tag="505" ind1="0" ind2=" ">
    <subfield code="a">Preface (with Acknowledgments) -- Introduction: Meinong and Philosophical Analysis -- Chapter 1.&#xA0;Meinong&#x2019;s Life and Philosophy -- Chapter 2. Origins of Gegenstandstheorie: Immanent and Transcendent Intended Objects in Brentano, Twardowski, and Meinong -- Chapter 3. Meinong on the Phenomenology of Assumption.-&#xA0;Chapter 4.&#xA0;Au&#xDF;ersein of the Pure Object.-&#xA0;Chapter 5.&#xA0; Constitutive (Nuclear) and Extraconstitutive (Extranuclear) Properties.-&#xA0;Chapter 6.&#xA0;Meditations on Meinong&#x2019;s Golden Mountain -- Chapter 7.&#xA0;Domain Comprehension in Meinongian Object Theory -- Chapter 8.&#xA0;Meinong&#x2019;s Concept of Implexive Being and Non-Being.-&#xA0;Chapter 9. About Nothing.-&#xA0;Chapter 10. Tarski&#x2019;s Quantificational Semantics and Meinongian Object Theory Domains -- Chapter 11.&#xA0;Reflections on Mally&#x2019;s Heresy -- Chapter 12.&#xA0;Virtual Relations and Meinongian Abstractions -- Chapter 13.&#xA0;Truth and Fiction in Lewis&#x2019;s Critique of Meinongian Semantics.-&#xA0;Chapter 14.&#xA0;Anti-Meinongian Actualist Meaning of Fiction in Kripke&#x2019;s 1973 John Locke Lectures -- Chapter 15.&#xA0;Metaphysics of Meinongian Aesthetic Value -- Chapter 16. Quantum Indeterminacy and Physical Reality as a Relevantly Predicationally Incomplete Existent Entity.-Chapter 17.&#xA0;Confessions of a Meinongian Logician.-&#xA0;Chapter 18. &#xA0;Meinongian Dark Ages and Renaissance -- Appendix:&#xA0; Object Theory Logic and Mathematics &#x2014; Two Essays by Ernst Mally (Translation and Critical Commentary) -- Notes -- References -- Index.</subfield>
  </datafield>
  <datafield tag="520" ind1=" " ind2=" ">
    <subfield code="a">This book explores the thought of Alexius Meinong, a philosopher known for his unconventional theory of reference and predication. The chapters cover a natural progression of topics, beginning with the origins of Gegenstandstheorie, Meinong&#x2019;s theory of objects, and his discovery of assumptions as a fourth category of mental states to supplement his teacher Franz Brentano&#x2019;s references to presentations, feelings, and judgments. The chapters explore further the meaning and metaphysics of fictional and other nonexistent intended objects, fine points in Meinongian object theory are considered and new and previously unanticipated problems are addressed. The author traces being and non-being, and aspects of beingless objects including objects in fiction, ideal objects in scientific theory, objects ostensibly referred to in false science and false history, and intentional imaginative projection of future states of affairs. The chapters focus on an essential choice of conceptual, logical, semantic, ontic and more generally metaphysical problems, and an argument is progressively developed from the first to the final chapter, as key ideas are introduced and refined. Meinong studies have come a long way from Bertrand Russell&#x2019;s off-target criticisms, and recent times have seen a rise of interest in a Meinongian approach to logic and the theory of meaning. New thinkers see Meinong as a bridge figure between analytic and continental thought, thanks to the need for an adequate semantics of meaning in philosophy of language and philosophy of mind, making this book a particularly timely publication.</subfield>
  </datafield>
  <datafield tag="650" ind1=" " ind2="0">
    <subfield code="a">Philosophy.</subfield>
  </datafield>
  <datafield tag="650" ind1=" " ind2="0">
    <subfield code="a">Metaphysics.</subfield>
  </datafield>
  <datafield tag="650" ind1=" " ind2="0">
    <subfield code="a">Ontology.</subfield>
  </datafield>
  <datafield tag="650" ind1=" " ind2="0">
    <subfield code="a">Phenomenology&#xA0;.</subfield>
  </datafield>
  <datafield tag="650" ind1=" " ind2="0">
    <subfield code="a">Philosophy of mind.</subfield>
  </datafield>
  <datafield tag="650" ind1="1" ind2="4">
    <subfield code="a">History of Philosophy.</subfield>
    <subfield code="0">https://scigraph.springernature.com/ontologies/product-market-codes/E15000</subfield>
  </datafield>
  <datafield tag="650" ind1="2" ind2="4">
    <subfield code="a">Metaphysics.</subfield>
    <subfield code="0">https://scigraph.springernature.com/ontologies/product-market-codes/E18000</subfield>
  </datafield>
  <datafield tag="650" ind1="2" ind2="4">
    <subfield code="a">Ontology.</subfield>
    <subfield code="0">https://scigraph.springernature.com/ontologies/product-market-codes/E22000</subfield>
  </datafield>
  <datafield tag="650" ind1="2" ind2="4">
    <subfield code="a">Phenomenology.</subfield>
    <subfield code="0">https://scigraph.springernature.com/ontologies/product-market-codes/E44070</subfield>
  </datafield>
  <datafield tag="650" ind1="2" ind2="4">
    <subfield code="a">Philosophy of Mind.</subfield>
    <subfield code="0">https://scigraph.springernature.com/ontologies/product-market-codes/E31000</subfield>
  </datafield>
  <datafield tag="710" ind1="2" ind2=" ">
    <subfield code="a">SpringerLink (Online service)</subfield>
  </datafield>
  <datafield tag="773" ind1="0" ind2=" ">
    <subfield code="t">Springer Nature eBook</subfield>
  </datafield>
  <datafield tag="776" ind1="0" ind2="8">
    <subfield code="i">Printed edition:</subfield>
    <subfield code="z">9783319180762</subfield>
  </datafield>
  <datafield tag="776" ind1="0" ind2="8">
    <subfield code="i">Printed edition:</subfield>
    <subfield code="z">9783319180748</subfield>
  </datafield>
  <datafield tag="776" ind1="0" ind2="8">
    <subfield code="i">Printed edition:</subfield>
    <subfield code="z">9783319354958</subfield>
  </datafield>
  <datafield tag="830" ind1=" " ind2="0">
    <subfield code="a">Synthese Library, Studies in Epistemology, Logic, Methodology, and Philosophy of Science,</subfield>
    <subfield code="x">0166-6991 ;</subfield>
    <subfield code="v">360</subfield>
  </datafield>
  <datafield tag="856" ind1="4" ind2="0">
    <subfield code="u">https://doi.org/10.1007/978-3-319-18075-5</subfield>
  </datafield>
  <datafield tag="912" ind1=" " ind2=" ">
    <subfield code="a">ZDB-2-SHU</subfield>
  </datafield>
  <datafield tag="999" ind1=" " ind2=" ">
    <subfield code="c">462927</subfield>
    <subfield code="d">462927</subfield>
  </datafield>
</record>
